| 000 | 00358nam a2200145Ia 4500 | ||
|---|---|---|---|
| 008 | 150201s2012 xx 000 0 und d | ||
| 082 |
_a615.1 _bN12C |
||
| 100 | _aCOMERFORD, KAREN C. | ||
| 245 | _aNURSING 2012 DRUG HAD BOOK | ||
| 250 | _a32ND | ||
| 260 |
_bWOLTER KLUWER _aPHILADELPHIA _c2012 |
||
| 300 | _a1552 | ||
| 650 | _aPHARMACOLOGY | ||
| 942 |
_2ddc _cBK |
||
| 999 |
_c2243 _d2243 |
||